Que's computer user's dictionary
Saved in:
| Corporate Author: | |
|---|---|
| Other Authors: | |
| Format: | Book |
| Language: | English |
| Published: |
Carmel, Ind. :
Que Corp.,
c1990.
|
| Subjects: | |
| Tags: |
Add Tag
No Tags, Be the first to tag this record!
|
MARC
| LEADER | 00000cam a2200000 i 4500 | ||
|---|---|---|---|
| 001 | 1/40782 | ||
| 008 | 971118s1990 inu| ||| |||| ||eng|| | ||
| 020 | |a 0880225408 | ||
| 035 | |l 10041338 | ||
| 035 | |a 1997 |c Δωρεά Τζαφέρη | ||
| 040 | |a GR-MyUa |b gre |e AACR2 | ||
| 041 | 0 | |a eng | |
| 082 | 7 | |a 004.03 |2 (22) | |
| 110 | 2 | |a Que Corporation. | |
| 245 | 1 | 0 | |a Que's computer user's dictionary / |c Bryan Pfaffenberger ; technical review by Walter R. Bruce III, Timothy S. Stanley. |
| 260 | |a Carmel, Ind. : |b Que Corp., |c c1990. | ||
| 300 | |a xiv, 488 σ. : |b εκ. ; |c 21 εκ. | ||
| 650 | 0 | |a Computers |x Dictionaries. | |
| 700 | 1 | |a Pfaffenberger, Bryan, |d 1949- | |
| 767 | 0 | 8 | |i Μεταφρασμένο ως: |t Λεξικό πληροφορικής / |
| 852 | |a INST |b SAMOS |e 19971118 |h 004.03 PFA |p 005300008490 |q 005300008490 |t REF |y 23 | ||
| 901 | |a BIBL-1997-2 | ||